Derechos humanos y multiculturalismo. Análisis comparado en la jurisprudencia de la Corte Interamericana y el Tribunal Europeo de Derechos Humanos.

Guardat en:
Dades bibliogràfiques
Autor principal: Gajardo Falcón, Jaime
Format: Desconegut
Idioma:anglès
Publicat: Santiago, Chile Thomson Reuters 2020
Edició:1a. edición
Col·lecció:Monografías
Matèries:
Etiquetes: Afegir etiqueta
Sense etiquetes, Sigues el primer a etiquetar aquest registre!

MARC

LEADER 00000 a2200000 4500
003 CL-VaPUC
005 20210504001533.0
008 210112b ||||| |||| 00| 0 eng d
999 |c 432557  |d 432555 
020 |a 9789564001449 
040 |c Pontificia Universidad Católica de Valparaíso 
082 1 4 |2 21  |a 323.4 GAJ 2020 
100 |a Gajardo Falcón, Jaime   |9 859433 
245 |a Derechos humanos y multiculturalismo.  |b  Análisis comparado en la jurisprudencia de la Corte Interamericana y el Tribunal Europeo de Derechos Humanos. 
250 |a 1a. edición  
260 0 3 |a Santiago, Chile   |b Thomson Reuters  |c 2020 
300 |a 458 páginas  
440 |a Monografías   |9 856527 
583 |k Cristina Rojas  |c 20210113 
610 0 |9 402180  |a Corte Interamericana de Derechos Humanos 
610 0 |a Tribunal Europeo de Derechos Humanos.  |9 859502 
650 0 0 |a Derechos humanos  |x Multiculturalismo  |9 223025 
942 |2 ddc  |c BK 
952 |0 0  |1 0  |2 ddc  |4 0  |6 323_400000000000000_GAJ_2020  |7 0  |8 A  |9 577500  |a BIBDER  |b BIBDER  |d 2021-01-12  |e 31  |g 0.00  |i 5619467  |l 2  |m 1  |o 323.4 GAJ 2020  |p 5619467  |r 2023-01-25  |s 2022-09-01  |t 1  |v 0.00  |w 2021-01-12  |y BK  |k DER